| 000 | 00000nam##2200000za#4500 |
| 001 | 9.689418 |
| 003 | CaOODSP |
| 005 | 20210624231902 |
| 007 | cr ||||||||||| |
| 008 | 150407|2007||||xxc|||||o f|0| 0 eng|d |
| 020 | |a978-0-662-45286-7 |
| 040 | |aCaOODSP|beng |
| 043 | |an-cn--- |
| 086 | 1 |aP103-2/2007E-PDF |
| 110 | 1 |aCanada.|bPublic Works and Government Services Canada. |bGovernment Information Services Branch. |
| 245 | 10|aBest practices in public opinion research : |h[electronic resource]|bimproving respondent cooperation for telephone surveys |
| 260 | |aOttawa - Ontario : |bPublic Works and Government Services Canada. |cMarch 2007. |
| 300 | |a56p.|bfigs., tables |
| 504 | |aBibliography. |
| 590 | |a11-11-Supp|b2011-07-13 |
| 690 | 07|aPublic opinion|2gcpds |
| 775 | 08|tPratiques exemplaires en recherche sur l'opinion publique : |w(CaOODSP)9.633831 |
| 856 | 40|ahttp://publications.gc.ca|qPDF|s541 KB|uhttps://publications.gc.ca/collections/collection_2011/tpsgc-pwgsc/P103-2-2007-eng.pdf |